All Items In Fortnite C1S3 - Statistics

General Stats
  • This quiz has been taken 9 times
  • The average score is 14 of 36
Answer Stats
Answer % Correct
Assault Rifle
100%
Medkit
75%
Slurp Juice
75%
Tactical Shotgun
75%
Burst Assault Rifle
63%
Chug Jug
63%
Grenade
63%
Pistol
63%
Pump Shotgun
63%
Bandages
50%
Grenade Launcher
50%
Rocket Launcher
50%
Tactical Submachine Gun
50%
Bolt-Action Sniper Rifle
38%
Boogie Bomb
38%
Clinger
38%
Revolver
38%
Shield Potion
38%
Suppressed Submachine Gun
38%
Bush
25%
Damage Trap
25%
Hand Cannon
25%
Heavy Shotgun
25%
Hunting Rifle
25%
Impulse Grenade
25%
Launch Pad
25%
Light Machine Gun
25%
Minigun
25%
Scoped Assault Rifle
25%
Semi-Automatic Sniper Rifle
25%
Small Shield Potion
25%
Cozy Campfire
13%
Crossbow
13%
Port-A-Fort
13%
Remote Explosive
13%
Suppressed Pistol
13%
No matching quizzes found
Score Distribution
Percent of People with Each Score
Percentile by Number Answered
Your Score History
You have not taken this quiz